Statistiques concernant Norvège, Suède ou Finlande ?

Cliquez ici pour prendre le quiz!

Statistiques générales

  • Ce quiz a été pris 118 fois
  • Le résultat moyen est 5 sur 10

Statistiques - réponses

QuestionRéponse% Correct
Quel est le pays le plus peuplé ?Suède
84%
Quel est le pays qui possède la plus grande surface forestière par rapport à sa superficie ? (%)Finlande
71%
Dans quel pays se situe Bergen ?Norvège
71%
Quel pays a le plus haut point culminant ?Norvège
62%
Quel est le pays le plus grand ?Suède
53%
Quel est le pays qui compte le plus grand nombre de lacs ?Finlande
50%
Quel pays a le taux de mortalité le plus élevé ?Finlande
40%
Quel pays a l'âge médian le plus élevé ?Finlande
35%
Quel pays a l'espérance de vie la plus élevée ?Suède
24%
Quel pays a le taux de natalité le plus élevé ?Norvège
17%

Distribution des résultats

Percentile par nombre de réponses

% des personnes avec chaque résultat

Votre développement - résultats

Vous n’avez pas pris ce quiz